[Event "Aimchess US Rapid Prelims 2021"]
[Site "Chess24"]
[Date "2021.08.25"]
[Round "5.4"]
[White "Aronian, Levon"]
[Black "Vachier-Lagrave, Maxime"]
[Result "1-0"]
[WhiteElo "2782"]
[BlackElo "2751"]
[Annotator "TA"]
[PlyCount "123"]
[EventDate "2021.08.28"]
[EventType "tourn"]
[EventCountry "NET"]
[Tiebreak "Direct encounter+Number of wins+Koya"]
[SourceTitle "playchess.com"]
[Source "ChessBase"]
[SourceQuality "1"]

{[%evp 9,123,8,13,0,27,33,30,43,43,39,58,45,31,40,56,64,52,51,54,64,64,47,86,
74,72,72,65,41,88,78,77,83,87,89,89,79,89,86,106,91,95,95,95,95,94,93,97,94,
102,53,53,64,141,93,171,125,140,129,129,129,129,129,136,136,407,389,400,359,
341,197,359,387,385,372,371,354,356,356,356,342,342,342,582,582,575,575,581,
567,567,533,508,446,449,0,449,329,329,329,535,535,532,531,529,504,524,479,516,
502,687,666,627,608,748,613,819,492]} 1. d4 Nf6 2. Nf3 g6 3. c4 Bg7 4. g3 c6 5.
Bg2 d5 6. Ne5 {D73: Fianchetto Grünfeld: 5 Nf3 .} Ng4 (6... O-O {is more
complex.} 7. O-O Nbd7 8. Nc3 dxc4 9. Nxc4 Nb6) 7. cxd5 Nxe5 8. dxe5 {White has
an edge.} Bxe5 9. Nc3 {[#]} O-O $146 ({Predecessor:} 9... cxd5 10. Nxd5 O-O 11.
O-O Nc6 12. Bh6 Re8 13. Qd2 e6 14. Nc3 Qxd2 15. Bxd2 Rd8 16. Rfd1 Bd7 17. Ne4
Be8 18. Nc5 b6 19. Nd3 Bf6 20. Rac1 {1/2-1/2 (20) Blagojevic,D (2536)-Ristic,N
(2433) Budva 2004}) 10. Bh6 Re8 11. O-O cxd5 12. Bxd5 Nc6 13. Qb3 e6 14. Bg2
Nd4 15. Qc4 Bd7 16. Rad1 ({Of course not} 16. Bxb7 $6 Rb8 $11) 16... Rc8 17.
Qb4 Nf5 {[#]} 18. Bg5 Qxg5 (18... f6 19. Bf4) 19. Rxd7 Bxc3 20. bxc3 Re7 21.
Rxb7 Rxb7 22. Qxb7 Rxc3 23. Qxa7 Qd2 24. Be4 Qd4 25. Qb8+ Kg7 26. Bxf5 exf5 $16
{[%mdl 4096] Endgame KQR-KQR} 27. e3 Qf6 28. Qb2 Rc4 29. Rb1 (29. Qb3 {keeps
more tension.} Qa6 30. Rd1 g5 31. Qb2+ f6 32. Qb8) 29... Qxb2 30. Rxb2 $14 {
KR-KR} Rc1+ 31. Kg2 g5 (31... Rc4 $16 {was called for.}) 32. Kf3 Rh1 33. a4 Ra1
34. Rb4 Ra2 35. h4 g4+ 36. Kg2 h5 $2 {[%mdl 8192]} (36... Ra1 $16 {was
necessary.} 37. Rb5 Kf6) 37. Rf4 $1 $18 Kg6 38. Kf1 $1 {[%cal Rf1e1]} Kf6 39.
e4 (39. Ke1 $142 Ke6 40. Kd1) 39... Kg6 $2 (39... Kg7 40. Rxf5 Rxa4) 40. exf5+
({Not} 40. Rxf5 Rxa4 41. Rg5+ Kh6 $14) 40... Kf6 41. Ke1 Ke5 42. f6 $1 Ke6 43.
Kd1 {[%cal Rd1c1]} Rb2 {[#]} 44. Kc1 $1 {[%cal Rc1b2]} Re2 {[#]} 45. Kb1 $1 Re5
$2 (45... Kd5 {was worth a try.} 46. a5 Kc6) 46. Kb2 Kd6 47. Kc3 Kc5 48. Rb4 {
And now Rb5+ would win.} Kc6 49. Kd3 Rf5 50. Ke2 Re5+ 51. Kd3 Rf5 $1 52. Ke3
Rf3+ 53. Ke2 Ra3 $2 (53... Rxf6 54. Rb5 Re6+ 55. Kf1 Rh6) 54. Rf4 {White is
clearly winning.} Kd5 55. Kd2 Kc5 56. Kc2 Ra1 57. Kb2 Rf1 58. a5 {[%cal Ba4a5,
Ba5a6][%mdl 32]} Kd6 59. a6 {a7 would kill now.} Kc7 60. Rf5 Kb6 61. Kc3 Kxa6
62. Kd2 {Weighted Error Value: White=0.15/Black=0.28} 1-0

[Event "Aimchess US Rapid Prelims 2021"]
[Site "Chess24"]
[Date "2021.08.25"]
[Round "5.5"]
[White "Van Foreest, Jorden"]
[Black "Hansen, Eric"]
[Result "1-0"]
[WhiteElo "2698"]
[BlackElo "2606"]
[Annotator "TA"]
[PlyCount "143"]
[EventDate "2021.08.28"]
[EventType "tourn"]
[EventCountry "NET"]
[Tiebreak "Direct encounter+Number of wins+Koya"]
[SourceTitle "playchess.com"]
[Source "ChessBase"]
[SourceQuality "1"]

{[%evp 17,143,0,2,-8,13,8,20,10,8,18,25,24,43,34,28,15,20,22,42,43,49,60,52,56,
59,30,78,75,58,50,77,73,91,80,62,0,0,0,0,0,0,0,72,-20,-20,-137,-138,-156,-156,
-158,-157,-160,-157,-163,-101,-169,-145,-144,-96,-97,-50,-56,-57,-39,-57,-202,
-187,-814,8,8,6,8,8,0,0,8,0,0,0,0,41,31,106,97,250,221,350,377,414,414,414,413,
29976,414,414,414,414,407,407,402,652,629,620,606,591,584,584,566,5620,504,
5682,5422,4931,4788,29965,29965,29970,4943,29972,29973,29971,29972,29973,29974,
29972,29972,29982,29983]} 1. e4 e5 2. Nf3 Nc6 3. Bc4 Bc5 4. c3 Nf6 5. d4 exd4
6. e5 d5 7. Bb5 Ne4 8. cxd4 Bb6 9. Nc3 O-O 10. Be3 {C54: Giuoco Piano: 4 c3
Nf6, main lines with 5 d4 and 5 d3.} Ba5 11. Rc1 {[#]} f5 $146 ({Predecessor:} 
11... Ne7 12. O-O Nxc3 13. bxc3 c6 14. Bd3 Bf5 15. Nh4 Bxd3 16. Qxd3 Bc7 17.
Bg5 f6 18. exf6 gxf6 {1-0 (31) Van Foreest,J (2682)-Maze,S (2557) chess24.com
INT 2020}) 12. exf6 {The position is equal.} Qxf6 13. O-O Bxc3 14. bxc3 Bg4 15.
Be2 $1 Nd6 16. h3 Bh5 17. Qb3 Bf7 18. Bg5 Qf5 19. Bh4 Rfe8 20. Rfe1 Na5 21. Qb4
Nc6 22. Qb2 b6 23. Ng5 h6 {[#]} 24. Bg4 $1 Qg6 25. Nxf7 Qxf7 26. Bf3 (26. Qb1
$14) 26... Na5 $1 $11 {[%cal Bc6a5,Ba5c4,Bc4d2][%mdl 32]} 27. Bg3 Nac4 28. Qc2
c6 29. Qa4 Nb5 (29... Rxe1+ $11 30. Rxe1 Re8) 30. Qb4 (30. Be2 $1 $16) 30... a5
31. Qb3 (31. Qa4 $11 {remains equal.}) 31... Nd2 $1 $17 {[%cal Rd2b3]} 32.
Rxe8+ Rxe8 33. Qd1 Nxf3+ 34. gxf3 Na3 $1 35. Kg2 Qg6 (35... Re6 $19 36. Qd3 Nc4
) 36. h4 (36. Qf1 $17 {was necessary.}) 36... Nc4 $19 37. Rc2 {[#]} Re3 $3 {
[%mdl 512]} 38. Re2 Rxc3 {And now ...Qf7 would win.} 39. Qe1 $1 {[%cal Re1c3]}
Ra3 40. Re8+ Kh7 41. Qe2 {[#]} (41. Rf8 $15 Ne3+ 42. fxe3 Rxa2+ 43. Kg1) 41...
Rxa2 $3 {[%mdl 512]} 42. h5 $2 {[#]} (42. Qe1 Ra1 43. Qe2) 42... Qxh5 $2 (42...
Qxg3+ $1 $19 {[%mdl 512]} 43. fxg3 (43. Kxg3 Rxe2) 43... Rxe2+ 44. Rxe2 b5) 43.
Qd3+ $11 g6 {Threatens to win with ...Ra1.} 44. Qd1 Nd2 $1 45. Qe2 $40 {
[%cal Re2e7][%mdl 128] White mounts an attack.} Qxf3+ $1 46. Qxf3 Nxf3 {
[%mdl 4096] Endgame KRB-KRN} 47. Re7+ Kg8 48. Kxf3 {KRB-KR} c5 49. Re6 Ra3+ {
[#]} (49... Kf7 $14 50. Rxb6 cxd4) 50. Kf4 $1 $16 cxd4 $2 (50... Kg7 $16) 51.
Rxg6+ $18 Kh7 (51... Kf7 {is a better defense.} 52. Rxb6 h5) 52. Rxb6 d3 {
Black wants to play ...d2.} 53. Rd6 Ra4+ 54. Ke3 Rd4 (54... d2 $18 55. Kxd2 (
55. Rxd5 Ra2 $18) 55... h5 56. Rxd5 Kg6) 55. Kd2 (55. Kxd4 $142 d2 {[#]} 56.
Rxh6+ $3 {[%mdl 512]} (56. Rd7+ $2 Kg8 $19) 56... Kxh6 57. Bf4+ {[%mdl 64]
Double Attack} Kg7 58. Bxd2 Kf6 59. Kxd5 a4 60. Ke4) 55... h5 56. Be5 Re4 57.
f4 a4 58. Kxd3 a3 (58... Re1 $142 59. Kd2 (59. Rxd5 h4 $18) 59... Rb1 60. Rxd5
h4) 59. Ra6 h4 60. Rxa3 Kg6 61. Ra8 Kf5 {Now ...h3 and Black clings on.} 62.
Rg8 Ra4 63. Rg5+ Ke6 64. Bd4 Ra3+ 65. Bc3 Ra4 66. f5+ Kd6 67. Rg6+ (67. f6 $142
Ra7 68. Rg7 Ra3 69. Re7 h3 70. Re8 Ra7 71. Be5+ Kc6 72. Rc8+ Kb5 73. Kd4) 67...
Kc5 68. f6 {White mates.} Rf4 69. Ke3 Rf1 70. Rg4 h3 71. Rh4 h2 72. Rxh2 {
Never resign too early!  Weighted Error Value: White=0.40/Black=0.42} 1-0

[Event "Aimchess US Rapid Prelims 2021"]
[Site "Chess24"]
[Date "2021.08.25"]
[Round "5.6"]
[White "Carlsen, Magnus"]
[Black "Naroditsky, Daniel"]
[Result "1-0"]
[WhiteElo "2847"]
[BlackElo "2623"]
[Annotator "TA"]
[PlyCount "51"]
[EventDate "2021.08.28"]
[EventType "tourn"]
[EventCountry "NET"]
[Tiebreak "Direct encounter+Number of wins+Koya"]
[SourceTitle "playchess.com"]
[Source "ChessBase"]
[SourceQuality "1"]

{[%evp 9,50,-15,7,-5,35,20,11,17,49,41,95,99,105,0,20,2,83,86,87,85,85,75,81,
71,164,145,447,431,641,643,29984,336,604,611,767,735,435,434,29997,29998,29998,
29999,29999]} 1. e4 c6 2. d4 d5 3. e5 c5 4. dxc5 e6 5. Qg4 Nd7 6. Nf3 {B12:
Caro-Kann: Advance Variation.} Nxc5 7. Be2 Ne7 8. O-O {[#] The position is
equal.} Nf5 $146 ({Predecessor:} 8... Qc7 9. Nc3 a6 10. Re1 Bd7 11. a4 Nf5 12.
h4 Be7 13. Bg5 h6 14. Bxe7 Kxe7 {1-0 (46) Mance,J (1848)-Detelic,M (1927)
Busevec 2004}) 9. c4 dxc4 (9... Be7 $14) 10. Rd1 Bd7 11. Bxc4 ({Better is} 11.
Nc3 $16) 11... Qb6 (11... h5 $5 {[%cal Rh5g4]} 12. Qf4 Qb6 $11) 12. Nc3 {
next Ng5 is good for White.} Be7 (12... h5 $11 {keeps the balance.} 13. Qf4 Be7
) 13. Nd4 $1 $16 {[%cal Rd4f5] Nxf5 is the strong threat.} h5 14. Qe2 {And now
Nxf5 would win.} Nxd4 15. Rxd4 Bc6 {Threatening ...Nb3.} 16. Be3 a5 (16... a6
$16) 17. Rad1 O-O $2 {[%mdl 8192] A mistake that costs the game.} (17... Qc7
$16 {is a better chance.}) 18. Qxh5 $18 Qxb2 {[#]} (18... Rfd8 $142 19. Rg4
Rxd1+ 20. Nxd1 Qd8) 19. Rg4 $1 g6 (19... Qc2 20. Bxc5) 20. Bh6 $2 Be8 $2 {[#]}
({Inferior is} 20... Qxc3 {[#]} 21. Rxg6+ $1 {[%mdl 512]} fxg6 22. Qxg6+ Kh8
23. Qg7#) (20... Kh8 21. Qh3 Kg8) 21. Nd5 $1 {[%mdl 512]} exd5 (21... Qc2 22.
Rc1) 22. Bxd5 {White threatens Rxg6+ and mate.} Kh7 23. Qh3 Rh8 (23... Qc2 $18
24. Bxf8+ {[%mdl 64] Discovered Attack} Kg8 25. Rxg6+ Qxg6) 24. Bf8+ {[%mdl 64]
Discovered Attack. White mates.} Kg8 25. Rxg6+ $1 Kxf8 26. Qxh8# {Weighted
Error Value: White=0.24/Black=1.22} 1-0

[Event "Aimchess US Rapid Prelims 2021"]
[Site "Chess24"]
[Date "2021.08.25"]
[Round "5.7"]
[White "So, Wesley"]
[Black "Firouzja, Alireza"]
[Result "1/2-1/2"]
[WhiteElo "2772"]
[BlackElo "2759"]
[Annotator "TA"]
[PlyCount "80"]
[EventDate "2021.08.28"]
[EventType "tourn"]
[EventCountry "NET"]
[Tiebreak "Direct encounter+Number of wins+Koya"]
[SourceTitle "playchess.com"]
[Source "ChessBase"]
[SourceQuality "1"]

{[%evp 11,80,18,22,15,20,22,23,18,8,21,32,15,9,14,13,15,14,11,29,19,23,15,20,9,
44,50,34,0,38,10,18,25,25,0,0,0,0,0,0,-13,-13,-8,-5,-18,0,0,0,-5,-6,-6,0,0,0,0,
0,0,2,5,10,11,10,0,0,0,0,0,0,0,0,0,0]} 1. e4 e5 2. Nf3 Nc6 3. Bc4 Nf6 4. d3 Bc5
5. O-O d6 6. c3 a6 7. Re1 {C54: Giuoco Piano: 4 c3 Nf6, main lines with 5 d4
and 5 d3.} Ba7 8. a4 O-O 9. h3 {White has an edge.} h6 10. Nbd2 {[%cal Bb1d2,
Bd2f1,Bf1e3,Be3d5][%mdl 32]} Re8 11. Nf1 Be6 12. Bxe6 Rxe6 13. b4 d5 {[#]
Strongly threatening ...dxe4.} 14. Qc2 Qd7 15. Be3 Bxe3 16. Nxe3 Ne7 17. c4
dxc4 18. dxc4 {[#]} Ng6 $146 ({Predecessor:} 18... Qc6 19. Rad1 b5 20. Rd5 bxc4
21. Rc5 Qxe4 22. Qxe4 Nxe4 23. Rxc4 Nf6 24. Rxc7 Rb8 {1/2-1/2 (35) Van Foreest,
J (2557)-Swinkels,R (2485) Maastricht 2016}) 19. c5 Qc6 20. Rad1 b6 21. Nd5
bxc5 22. b5 axb5 {The position is equal.} 23. axb5 Qb7 24. Qxc5 Nxd5 25. Rxd5 {
[%cal Rf3e5]} c6 26. bxc6 Rxc6 27. Qe3 Qc7 28. Red1 Rc3 29. R5d3 Rxd3 30. Qxd3
Rc8 31. g3 Qc3 32. Qe2 (32. Qa6 {keeps more tension.} Kh7 33. Kg2 Qc4 34. Qb7
Rc7 35. Qb1) 32... Nf8 33. Rd5 (33. Kg2 {is interesting.} Ne6 34. Qa6 Rb8 35.
Qd6 Rb5 36. Rf1) 33... Qc4 34. Qxc4 Rxc4 35. Rxe5 $11 {[%mdl 4096] Endgame
KRN-KRN} f6 $1 {[%cal Rf6e5]} 36. Re8 Kf7 37. Ra8 Rxe4 38. Ra7+ Re7 39. Rxe7+
Kxe7 40. Kf1 Ne6 {Weighted Error Value: White=0.06/Black=0.04} 1/2-1/2

[Event "Aimchess US Rapid Prelims 2021"]
[Site "Chess24"]
[Date "2021.08.25"]
[Round "5.8"]
[White "Vidit, Santosh Gujrathi"]
[Black "Le, Quang Liem"]
[Result "0-1"]
[WhiteElo "2726"]
[BlackElo "2709"]
[Annotator "TA"]
[PlyCount "142"]
[EventDate "2021.08.28"]
[EventType "tourn"]
[EventCountry "NET"]
[Tiebreak "Direct encounter+Number of wins+Koya"]
[SourceTitle "playchess.com"]
[Source "ChessBase"]
[SourceQuality "1"]

{[%evp 19,142,17,35,16,42,16,17,11,8,22,7,16,34,22,19,21,24,24,21,27,19,23,25,
21,31,48,31,0,0,0,0,0,23,20,10,4,45,37,62,29,14,21,31,0,53,53,67,46,51,7,4,12,
12,3,22,0,0,0,0,0,0,0,0,0,0,0,13,-2,-4,-4,-4,-5,0,0,0,0,0,0,0,0,0,0,0,0,0,0,0,
0,3,-61,-61,-61,0,0,0,0,0,0,0,-330,-278,-1042,-909,-5743,-5743,-5741,-5741,
-5743,-5743,-5743,-5741,-5733,-5733,-5733,-5726,-5726,-5726,-5726,-5704,-5724,
-5711,-5493,-5454,-1653,-1294]} 1. e4 e5 2. Nf3 Nc6 3. Bb5 a6 4. Ba4 Nf6 5. O-O
Be7 6. Re1 b5 7. Bb3 d6 8. c3 O-O 9. h3 Bb7 {9...Bb7 is the modern
continuation.} 10. d4 Re8 11. a3 {C92: Closed Ruy Lopez: 9...Be6, Karpov and
Flohr-Zaitsev Variations.} Bf8 12. d5 Na5 13. Ba2 {The position is equal.} c6
14. dxc6 {[#]} Bxc6 $146 ({Predecessor:} 14... Nxc6 15. Bg5 Be7 16. Nbd2 Qc7
17. Nf1 Nd8 18. Bxf6 Bxf6 19. Qc2 Ne6 20. Ne3 Rab8 {1-0 (45) Broadway,D (2306)
-Shchebenyuk,N (2091) ICCF email 2018}) 15. Bg5 Nc4 16. Nbd2 Nb6 17. Nh2 h6 18.
Bh4 Be7 19. Bxf6 Bxf6 20. Qh5 Ra7 21. g3 Na4 22. Rab1 Nc5 23. b4 Ne6 24. h4 a5
{With the idea ...axb4.} 25. Bb3 Be7 26. Ng4 Bf8 27. Ne3 g6 28. Qf3 h5 29. Nd5
(29. Bd5 $5 {[%cal Rd5c6]} Qc8 30. Bxc6 Qxc6 31. Nd5 $14) 29... Bxd5 30. Bxd5
Bh6 31. Nb3 axb4 ({Better is} 31... a4 $11 32. Nc1 Rc7) 32. axb4 $14 Rc7 33.
Red1 Kg7 34. Ra1 Qf6 35. Qxf6+ Kxf6 36. Ra6 {Black should prevent Rd3.} Rxc3
37. Rxd6 Bf8 38. Rb6 Bxb4 39. Rxb5 Bd6 40. Rb6 Bc7 41. Ra6 Rb8 42. Nd2 Rb6 (
42... Bb6 {is more complex.} 43. Rb1 Rxg3+ 44. Kh2 Rd3 45. Nc4 Bc7) 43. Rxb6 (
43. Rda1 {keeps more tension.} Rb4 44. Bxe6 fxe6 45. R1a2 Rb6 46. Ra8) 43...
Bxb6 44. Nf1 Bd4 45. Kg2 Nc5 46. Rd2 Nd3 47. Nh2 Bxf2 48. Rxf2+ Nxf2 49. Kxf2
Rc2+ 50. Kg1 Ke7 51. Nf3 f6 52. Kf1 Rc7 53. Ke2 Rc2+ 54. Ke3 ({White should try
} 54. Nd2 $11) 54... Rg2 $15 {[%mdl 1024] Black has compensation.} 55. Bb7 Kd6
(55... Rxg3 $15 56. Kf2 Rg4) 56. Bc8 $1 $11 Kc7 (56... Rxg3 $6 57. Kf2 $16) 57.
Be6 Kd6 ({Much worse is} 57... Rxg3 $6 58. Kf2 $16) 58. Bc8 Ke7 ({But not} 
58... Rxg3 $6 59. Kf2 $16) 59. g4 $2 {[%mdl 8192] [#]} (59. Bb7 $1 $11 {
and White stays safe.}) 59... Rc2 $1 $19 {[%cal Rc2c8]} ({Less strong is} 59...
hxg4 60. Ne1 $17) 60. gxh5 $2 (60. Ba6 hxg4 61. Ne1 Rc3+ 62. Bd3) 60... Rxc8 {
Black is clearly winning.} 61. hxg6 {[%mdl 4096] Endgame KR-KN} Rh8 62. g7 Rg8
63. h5 Rxg7 64. Nh4 Rg3+ 65. Kf2 Rh3 66. Nf5+ Kf7 67. Ng3 Rh4 68. Kf3 Kg8 69.
Kg2 Kh7 70. Kf3 Rf4+ 71. Kg2 Kh6 {Weighted Error Value: White=0.34/Black=0.06}
0-1

[Event "Aimchess US Rapid Prelims 2021"]
[Site "Chess24"]
[Date "2021.08.25"]
[Round "6.1"]
[White "Duda, Jan-Krzysztof"]
[Black "Le, Quang Liem"]
[Result "1-0"]
[WhiteElo "2738"]
[BlackElo "2709"]
[Annotator "TA"]
[PlyCount "141"]
[EventDate "2021.08.28"]
[EventType "tourn"]
[EventCountry "NET"]
[Tiebreak "Direct encounter+Number of wins+Koya"]
[SourceTitle "playchess.com"]
[Source "ChessBase"]
[SourceQuality "1"]

{[%evp 9,141,4,7,0,14,0,0,-2,16,15,29,14,41,45,49,31,50,45,74,68,76,60,75,75,
72,74,64,72,79,79,63,70,110,108,108,98,88,91,93,88,110,91,110,88,91,82,84,66,
80,79,74,74,81,74,109,95,251,251,233,234,263,274,266,264,146,112,117,0,117,117,
111,107,113,120,165,161,380,120,120,18,114,112,318,318,292,268,235,133,349,351,
332,354,352,344,343,327,378,85,83,86,88,78,109,83,126,118,497,483,428,472,584,
509,631,605,677,675,833,817,1033,1025,1539,1275,943,1283,1250,1165,2330,1230,
1727,1723,1679,1600,1519,1520]} 1. Nf3 d5 2. g3 c6 3. Bg2 Bg4 4. h3 Bh5 5. d3
e6 6. Nbd2 {A07: Réti Opening: New York and Capablanca Systems.} Nf6 7. g4 Bg6
8. Nh4 {[#] The position is equal.} Bc5 $146 ({Predecessor:} 8... Bd6 9. e3
Nbd7 10. Qe2 Nf8 11. f4 N6d7 12. Ndf3 e5 13. Bd2 f6 14. O-O-O Qe7 15. fxe5 fxe5
{1-0 (38) Grischuk,A (2777)-Robson,R (2673) Chess.com INT 2020}) 9. e3 Bb6 10.
Qe2 Nfd7 11. Nxg6 hxg6 12. a3 Na6 13. b4 Bc7 14. c4 Rc8 15. Bb2 Be5 16. d4 Bf6
17. O-O Nb6 18. c5 Na4 19. Bc1 e5 20. Qd3 O-O 21. g5 Bxg5 22. dxe5 Nc7 23. Qc2
b5 24. f4 Be7 25. Nf3 Ne6 26. Rd1 f5 27. Rb1 g5 28. Rb3 $36 {[%mdl 2048] White
is more active.} Rc7 29. Nd4 Nxd4 30. exd4 gxf4 31. Bxf4 Bg5 32. Rf1 Bxf4 $2 (
32... Bh4 $16) 33. Rxf4 $18 Qg5 34. Qf2 Rcf7 35. h4 Qh6 36. Rbf3 g6 37. Rg3 Rg7
38. Rgf3 ({White should try} 38. Bh3 $16) 38... Kf7 (38... Rgf7 $1 $11 {
remains equal.}) 39. Kf1 Ke6 40. Ke1 Ra8 41. Bh3 a5 42. bxa5 Rxa5 $2 (42... Kd7
{was worth a try.} 43. Rg3 Rag8) 43. Kd1 $2 (43. h5 $1 $18 {is the precise
move to win.} Qxh5 44. Qg3) 43... Ra8 44. Qd2 (44. Kc2 $16 {Black must now
prevent h5!} Kd7 45. Qd2) 44... Ke7 (44... Rga7 $1 $11) 45. Kc2 $16 Rf7 $2 (
45... Kd8 $16 {is a better defense.}) 46. Qe1 $18 Ke6 {[#]} 47. Qg3 $1 {
aiming for h5!} Rh8 48. Bf1 ({Better is} 48. Rf2 $18) 48... Qg7 $2 (48... Rc7
$16 49. Rf2 Rcc8) 49. Rf2 Rh6 50. Qg5 Rh5 51. Qd8 {[%csl Gc5,Ge5][%cal Rd8d6]}
Qf8 {[#]} 52. Qa5 Qb8 53. Qa6 (53. Rg2 $18 {has better winning chances.} Rh6
54. Bd3) 53... Qb7 $16 54. Qxb7 Rxb7 55. Be2 Rh6 56. Kb3 Rbh7 57. h5 Rxh5 $2 {
[%mdl 8192]} (57... Rf7 $16) 58. Bxh5 $18 {White is clearly winning.} Rxh5 $16
{[%mdl 4096] Endgame KRR-KRN} 59. Kb4 Rh1 60. Rg2 Kf7 61. Ka5 Rh3 62. Ka6 Rxa3
63. Kb7 b4 64. Rh4 Kg7 65. Rgh2 {White threatens Rh7+ and mate.} Kf7 66. Rh8 f4
67. Kxc6 {R2h7+ would kill now.} Nc3 68. Kd6 {[%cal Rh2h7]} Ne4+ 69. Kxd5 {
[%cal Rh2h7]} Nc3+ 70. Kc4 Ke6 71. Kxb4 {Weighted Error Value: White=0.25/
Black=0.41} 1-0

[Event "Aimchess US Rapid Prelims 2021"]
[Site "Chess24"]
[Date "2021.08.25"]
[Round "6.2"]
[White "Firouzja, Alireza"]
[Black "Vidit, Santosh Gujrathi"]
[Result "0-1"]
[WhiteElo "2759"]
[BlackElo "2726"]
[Annotator "TA"]
[PlyCount "58"]
[EventDate "2021.08.28"]
[EventType "tourn"]
[EventCountry "NET"]
[Tiebreak "Direct encounter+Number of wins+Koya"]
[SourceTitle "playchess.com"]
[Source "ChessBase"]
[SourceQuality "1"]

{[%evp 19,58,0,0,-14,-1,0,18,21,12,0,0,0,8,13,4,0,0,0,0,0,0,-34,-36,-24,-32,
-54,-58,-51,-50,-55,-62,-62,0,-116,-34,-691,-106,-1027,-593,-741,-612]} 1. e4
e5 2. Nf3 Nc6 3. Bb5 a6 4. Ba4 Nf6 5. O-O Nxe4 6. d4 b5 7. Bb3 d5 8. dxe5 Be6
9. c3 Bc5 10. Nbd2 {[%cal Bb1d2,Bd2f1,Bf1e3][%mdl 32]} O-O 11. Bc2 {C82: Open
Ruy Lopez: 9 c3 without 9...Be7.} Nxf2 12. Rxf2 Bxf2+ 13. Kxf2 {The position
is equal.} f6 14. Nf1 fxe5 {White must now prevent ...e4.} 15. Kg1 {Threatens
to win with Bxh7+!} Bg4 {And now ...e4 would win.} 16. Ne3 Be6 {[#]} 17. b3
$146 ({Predecessor:} 17. Bb3 e4 18. Nd4 Nxd4 19. cxd4 Qf6 20. Bd2 c5 21. Qe1
cxd4 22. Nxd5 {0-1 (42) Sevian,S (2660)-Paravyan,D (2629) Jermuk 2021}) 17...
d4 18. Qd3 g6 19. cxd4 Nxd4 20. Bb2 Nxf3+ 21. gxf3 Rxf3 22. Qe2 Qg5+ $1 {
[%mdl 64] Double Attack} 23. Ng2 Raf8 24. h4 $1 {[%cal Rh4g5]} (24. Qxe5 {
gets mated.} Qxg2+ $3 {[%mdl 512]} 25. Kxg2 Bh3+ 26. Kh1 Rf1+ 27. Rxf1 Rxf1#)
24... Qg3 25. Bxe5 Qg4 (25... Qf2+ $15 26. Qxf2 Rxf2) 26. Re1 {[#]} (26. Qe4 $1
$11 {was the only way to keep the balance.}) 26... Bd5 $40 {[%mdl 128] White
needs to defend precisely.} ({Black should try} 26... Rf1+ $1 $17 {[%mdl 512]}
27. Qxf1 Rxf1+ 28. Kxf1 Qf3+ 29. Kg1 Bd5) 27. Bd1 $2 {[%mdl 8192]} (27. Qd2 $15
Qe6 28. Bf4) 27... Qf5 $2 (27... Qh3 $19 {is more deadly. ...Re3! is the
strong threat.} 28. Qc2 Rf2 {[%mdl 64] Decoy} 29. Qxf2 Rxf2 30. Kxf2 Qxg2+ 31.
Ke3 Qxa2) 28. Bd4 {[%mdl 8192]} (28. Bc2 $17 Qe6 29. Qd2) 28... Rg3 {( -> ...
Qh3!)} 29. Bc2 Qd7 {Weighted Error Value: White=0.86/Black=1.15} 0-1

[Event "Aimchess US Rapid Prelims 2021"]
[Site "Chess24"]
[Date "2021.08.25"]
[Round "6.3"]
[White "Naroditsky, Daniel"]
[Black "So, Wesley"]
[Result "1-0"]
[WhiteElo "2623"]
[BlackElo "2772"]
[Annotator "TA"]
[PlyCount "57"]
[EventDate "2021.08.28"]
[EventType "tourn"]
[EventCountry "NET"]
[Tiebreak "Direct encounter+Number of wins+Koya"]
[SourceTitle "playchess.com"]
[Source "ChessBase"]
[SourceQuality "1"]

{[%evp 17,57,35,30,0,0,0,0,-8,0,-5,5,0,14,16,50,54,48,33,41,8,0,0,0,0,0,0,0,14,
192,180,307,283,692,651,29984,29985,29992,29993,29994,29995,29995,29996]} 1. e4
e5 2. Nf3 Nc6 3. Bb5 a6 4. Ba4 Nf6 5. O-O b5 6. Bb3 Bc5 7. d3 d6 8. a4 Rb8 9.
axb5 axb5 10. Be3 {C78: Ruy Lopez: Archangelsk and Möller Defences.} (10. c3 {
is interesting.} O-O 11. Bg5 Bb6 12. Bh4 h6 13. h3) 10... Bxe3 {has lost
popularity (10...0-0).} 11. fxe3 O-O 12. Qe1 {[#] The position is equal.} Qe7
$146 ({Predecessor:} 12... Be6 13. Bxe6 fxe6 14. Ng5 Qd7 15. Ra6 Ra8 16. Rxa8
Rxa8 17. Nc3 Ne7 18. Qg3 Ng6 {1-0 (42) Arribas Robaina,M (2243)-Coimbra,M 
(2068) Batumi 2018}) 13. Nh4 g6 14. Nc3 Nb4 15. Qg3 {aiming for Nxg6!} Kg7 16.
Nf5+ Bxf5 17. Rxf5 {Hoping for Raf1.} Nd7 18. Raf1 {Rxf7+ is the strong threat.
} f6 19. Nd5 Nxd5 20. Bxd5 Nb6 21. h4 c6 22. Bxc6 Qc7 $2 {This move loses the
game for Black.} (22... Rbc8 $11 23. Bxb5 Rxc2) 23. Bxb5 $18 Qxc2 {[#]} (23...
Nd5 {keeps fighting.}) 24. h5 $1 Qxb2 $2 (24... Qc7 25. h6+ Kxh6) 25. h6+ Kh8 {
[#]} 26. Qg5 $3 {[%mdl 512] White mates.} Qxb5 (26... Nd5 27. exd5) 27. Rxf6
Rfe8 {[#]} 28. Rxg6 $1 {[%cal Rg5f6][%mdl 512]} Nd7 29. Rg7 {Weighted Error
Value: White=0.04/Black=0.75} 1-0